00906cam a22002531 4500001001300000003000400013005001700017008004100034010001700075035001900092040001700111042001200128050002000140100002000160245017300180250001700353260004600370300002200416490008000438504002900518650002200547810006600569999001700635pa 66000028 DLC20260227111857.0750813s1966 xx 000 0 spa  apa 66000028  a(OCoLC)1544344 aDLCcFUdDLC apremarc00aZ695b.R68 19661 aRovira, Carmen.14aLos epígrafes en el catálogo diccionario;bcon un código de reglas para la asignación de epígrafes en las bibliotecas de habla española,cpor Carmen Rovira. a2. ed., rev. aWashington,bUnión Panamericana,c1966. avi, 134 p.c28cm.1 aUnión Panamericana. Biblioteca Colón. Estudios bibliotecarios,vno. 9 aIncludes bibliographies. 0aSubject headings.2 aColumbus Memorial Library.tEstudios bibliotecarios ;vno. 9. c51589d51589